000 00675nam a2200217Ii 4500
003 JO-AjNU
008 230605s9999||||xx |||||||||||||| ||und||
017 _a2007/5/1245
040 _aJO-AjNU
_bara
_erda
_cJO-AjNU
041 _aara
050 1 4 _aBF724.55.A35.A28.2008
100 3 _aأبو عوض،سليم,
_eauthor
_931114
245 0 0 _aالتوافق النفسي للمسنين
250 _aط1
264 3 1 _aعمان:دار اسامة للنشر والتوزيع ،2008
300 _a256ص
336 _atext
_btxt
_2rdacontent
337 _aunmediated
_bn
_2rdamedia
338 _avolume
_bnc
_2rdacarrier
650 4 _aالشيخوخة-علم النفس
_931115
999 _aA12410
_c15978
_d15978